Quedándonos atrás: un informe del progreso educativo en América Latina. Informe de la Comisión
محفوظ في:
| مؤلف مشترك: | |
|---|---|
| التنسيق: | نص |
| منشور في: |
Washington D.C.:
PREAL. CINDE. INTER-AMERICAN DIALOGUE
|
| الموضوعات: | |
| الوسوم: |
إضافة وسم
لا توجد وسوم, كن أول من يضع وسما على هذه التسجيلة!
|
MARC
| LEADER | 00000 a a2200000 04500 | ||
|---|---|---|---|
| 001 | 27457 | ||
| 003 | |||
| 040 | |a CRAI/IIS |c CRAI/IIS | ||
| 090 | |a 184901 | ||
| 110 | |a PREAL. Comisión Internacional sobre Educación, Equidad y Competitividad Económica en América Latina y el Caribe | ||
| 245 | |a Quedándonos atrás: un informe del progreso educativo en América Latina. Informe de la Comisión | ||
| 260 | |a Washington D.C.: |b PREAL. CINDE. INTER-AMERICAN DIALOGUE | ||
| 300 | |a 53 p. |b **no definido** |b fonodiscos | ||
| 650 | |a CALIDAD DE LA EDUCACION | ||
| 650 | |a RENDIMIENTO DE LA EDUCACION | ||
| 650 | |a CRISIS DE LA EDUCACION | ||
| 650 | |a OPORTUNIDADES DE EDUCACION | ||
| 650 | |a REFORMA DE LA EDUCACION | ||
| 650 | |a ESTADISTICAS DE LA EDUCACION | ||
| 650 | |a INDICADORES EDUCATIVOS | ||
| 650 | |a INDICADORES SOCIALES | ||
| 999 | |c 14517 |d 14517 | ||
